000
00280nam a22001217a 4500
008
181017b xxu||||| |||| 00| 0 eng d
041
_a
eng
080
_a
370
100
_a
48
101
_a
EDU
245
_a
The Paris Rewiev Writers At Work
_c
Forster.E.M
942
_2
udc
_c
BK
999
_c
49953
_d
49953